000 00328nam a2200133Ia 4500
008 151213s9999 xx 000 0 und d
100 _aGraham Greene
245 _aStamboul Train
_cGraham Greene
260 _aLondon
_bPenguing Books
_c1963
300 _a4600 p.
650 _aReference
700 _aGraham Greene
999 _c2958
_d2958